00551nam a22002057a 450000500170000000800410001704000070005804100120006508200210007710000240009824500350012226000390015730000220019636500530021865000120027165000080028370000160029170000190030770000190032620250808163204.0230308b ||||| |||| 00| 0 eng d cAL aEnglish 223a657.42bJAIC aS P Jain and others aCosting Methods and Techniques aLudhianabKalyani Publishersc2023 a334pbPBc23x17cm a8031b₹236.00c₹d₹295.00e20%f23-02-2023 aIV Sem aNEP aNarang, K L aAgarwal, Simmi aSehgal, Monika